Responses for Show #6057 - Tuesday, January 4, 2011

Contestants

[<< previous game]

Steve Gratz, a freelance artist from Washington, D.C.

Alex Marchyshyn, a recent college graduate from Charlotte, North Carolina

Genaro Lopez, a contract administrator from Portland, Oregon (whose 1-day cash winnings total $29,001)

[next game >>]

Jeopardy! Round responses

I'M MELTING
TENNIS VOCABULARY, ANYONE?
WHAT'S THE USE
ALWAYS IN FASHION
3 AGAINST 1
(Alex Trebek: Each correct response will be 4 letters long, but 3 of them will be exactly the same.)
MARXISMS
    $200 2
(Alex Trebek: Shelf or glacier. Yes)

the ice shelf

Steve
    $200 1
an ace

Steve
    $200 18
radiation

Genaro
    $200 13
Hilfiger

Genaro
    $200 11
Nunn

Steve
    $200 26
(Steve: What is capitalism?)
(Genaro: What is fascism?)

communism

GenaroSteve
Triple Stumper
    $400 3
(Genaro: What is an avalanche?)

flood

Genaro
Triple Stumper
    $400 4
a fault

Steve
    $400 19
(Steve: What is the level of the strings...the height?)

the pitch

Steve
Triple Stumper
    $400 14
(Tim) Gunn

Genaro
    $400 12
Bibb

Genaro
    $400 27
Kapital

Alex
    $600 8
defrosting your freezer

Steve
    $600 5
the court

Triple Stumper
    $600 20
bluetooth

Genaro
    $600 15
Yves St. Laurent

Triple Stumper
    $600 23
lull

Steve
    $600 28
(Genaro: What are their heads?)

their chains

Genaro
Triple Stumper
    $1,600 9
the Sierra Nevadas

Steve
    $800 6
a rally

Triple Stumper
    $800 21
(Alex Marchyshyn: What is analeptic?)

anaphylactic

GenaroAlex
    $800 16
Ralph Lauren

Alex
    $800 24
sass

Genaro
    $800 29
[The end-of-round signal sounds.]

philosophers

Steve
    $1000 10
the Rhone

Triple Stumper
    $1000 7
love

Steve
    $1000 22
a carabiner

Steve
    $1000 17
(Giorgio) Armani

Genaro
    $1000 25
Dodd

Genaro

Scores at the first commercial break (after clue 13):

Genaro Alex Steve
$200 $0 $4,200

Scores at the end of the Jeopardy! Round:

Genaro Alex Steve
$4,200 $400 $6,000

Double Jeopardy! Round responses

THE NORTHERNMOST CAPITAL CITY
SAINTS BE PRAISED
WHAT ARE YOU... CHICKEN?
FABLES & FOLKLORE
NON-LY ADVERBS
MARXISMS
    $400 2
Stockholm

Genaro
    $400 1
Thomas More

Steve
    $400 7
cordon bleu

Alex
    $400 9
a scarecrow

Steve
    $400 17
Today

Alex
    $400 26
a horse

Steve
    $800 3
Bogota

Genaro
    $800 13
a lamb

Steve
    $800 23
King

Steve
    $800 8
a witch

Steve
    $800 18
(Alex Marchyshyn: What is nation?)

where

Alex
Triple Stumper
    $800 27
the stork

Triple Stumper
    $1200 4
Pyongyang

Genaro
    $1200 14
Mother Cabrini

Triple Stumper
    $1200 22
chicken Kiev

Steve
    $1200 10
the Sparrow

Triple Stumper
    $1200 19
firm

Triple Stumper
    $1200 28
[The end-of-round signal sounds.]
(Alex Trebek: Oh gosh. All right, bad news for you, Alex. That last incorrect response took you into negative territory, and so you're going to wind up with a thousand dollars as our third-place finisher.)

A Night at the Opera

Triple Stumper
    $1600 5
Algiers

Steve
    $2,000 15
Constantine

Steve
    $2,000 24
(Alex Trebek: Less than a minute to go now, Steve.)

coq au vin

Steve
    $1600 11
the Snow Queen

Triple Stumper
    $1600 20
(Steve: What is at all?)

almost

Steve
Triple Stumper
    $2000 6
Kathmandu

Genaro
    $2000 16
Saint Stephen

Triple Stumper
    $2000 25
(Alex Marchyshyn: What is carbonara?)

chicken tetrazzini

Alex
Triple Stumper
    $2000 12
John Barleycorn

Triple Stumper
    $2000 21
often

Triple Stumper

Scores at the end of the Double Jeopardy! Round:

Genaro Alex Steve
$8,600 -$1,600 $14,800

[wagering suggestions for these scores]

Final Jeopardy! Round responses

THE HALL OF PRESIDENTS
(Alex Trebek: ...at the National Portrait Gallery.)
GenaroWho is U.S. Grant?
$6,201
SteveWho is Chester Arthur
$2,401
Grover Cleveland

Final scores:

Genaro Alex Steve
$2,399 -$1,600 $12,399
2nd place: $2,000 3rd place: $1,000 New champion: $12,399

Game dynamics:

Coryat scores:

Genaro Alex Steve
$8,600 -$1,600 $13,200
13 R,
3 W
4 R,
3 W
20 R
(including 3 DDs),
3 W

Combined Coryat: $20,200

[game clues] [game scores] [suggest correction]

Game tape date: 2010-09-28
The J! Archive is created by fans, for fans. Scraping, republication, monetization, and malicious use prohibited; this site may use cookies and collect identifying information. See terms. The Jeopardy! game show and all elements thereof, including but not limited to copyright and trademark thereto, are the property of Jeopardy Productions, Inc. and are protected under law. This website is not affiliated with, sponsored by, or operated by Jeopardy Productions, Inc. Join the discussion at JBoard.tv.